Impact assessment of environment for replacement of land forestto rubber plantation sroyong commune kulen district preah vihea province, ការប៉ាន់ប្រមាណពីផលប៉ះពាល់បរិស្ថានចំពោះការកែប្រែដីព្រៃ ទៅជាដីចំការកៅស៊ូ នៅក្នុងឃុំស្រយង់ ស្រុកគូលែន ខេត្តព្រះវិហារ (Record no. 3412)

000 -LEADER
fixed length control field 00821nam a22001337a 4500
040 ## - CATALOGING SOURCE
Transcribing agency RUA
082 ## - DEWEY DECIMAL CLASSIFICATION NUMBER
Classification number FOR SAM 2012 B140 Or.1
100 ## - MAIN ENTRY--AUTHOR NAME
Personal name SAM, DOEUN.
245 ## - TITLE STATEMENT
Title Impact assessment of environment for replacement of land forestto rubber plantation sroyong commune kulen district preah vihea province, ការប៉ាន់ប្រមាណពីផលប៉ះពាល់បរិស្ថានចំពោះការកែប្រែដីព្រៃ ទៅជាដីចំការកៅស៊ូ នៅក្នុងឃុំស្រយង់ ស្រុកគូលែន ខេត្តព្រះវិហារ
260 ## - PUBLICATION, DISTRIBUTION, ETC. (IMPRINT)
Place of publication Phnom Penh
Name of publisher RUA
Year of publication 2012
300 ## - PHYSICAL DESCRIPTION
Number of Pages xii; 57p.
Other physical details ill.
Dimensions 29cm.
856 ## - ELECTRONIC LOCATION AND ACCESS
Uniform Resource Identifier https://drive.google.com/file/d/1N5VtFzGNvi_XrY3FpAUOgf4T_s9q59sn/view?usp=sharing
942 ## - ADDED ENTRY ELEMENTS (KOHA)
Koha item type FOR
952 ## - LOCATION AND ITEM INFORMATION (KOHA)
Withdrawn status [LOCAL, KOHA] 0
952 ## - LOCATION AND ITEM INFORMATION (KOHA)
Withdrawn status [LOCAL, KOHA] 0
952 ## - LOCATION AND ITEM INFORMATION (KOHA)
Withdrawn status [LOCAL, KOHA] 0
952 ## - LOCATION AND ITEM INFORMATION (KOHA)
Withdrawn status [LOCAL, KOHA] 0
952 ## - LOCATION AND ITEM INFORMATION (KOHA)
Withdrawn status [LOCAL, KOHA] 0
952 ## - LOCATION AND ITEM INFORMATION (KOHA)
Withdrawn status [LOCAL, KOHA] 0
952 ## - LOCATION AND ITEM INFORMATION (KOHA)
Withdrawn status [LOCAL, KOHA] 0
952 ## - LOCATION AND ITEM INFORMATION (KOHA)
Withdrawn status [LOCAL, KOHA] 0
Holdings
Permanent Location Date acquired Koha item type Lost status Shelving location Barcode Current Location Full call number
Library Block B2015-11-14FOR B140RUA028795Library Block BFOR SAM 2012 B140 Or.1
Library Block B2015-11-14FOR B140RUA026899Library Block BFOR SAM 2012 B140 Or.2
Library Block B2015-11-14FOR B140RUA026827Library Block BFOR SAM 2012 B140 Or.3
Library Block B2015-11-14FOR B140RUA026989Library Block BFOR SAM 2012 B140 Or.4
Library Block B2015-11-14FOR B140RUA026917Library Block BFOR SAM 2012 B140 Or.5
Library Block B2015-11-14FOR B140RUA026767Library Block BFOR SAM 2012 B140 Or.6
Library Block B2015-11-14FOR B140RUA028334Library Block BFOR SAM 2012 B140 Or.7
Library Block B2015-11-14FOR B140RUA028637Library Block BFOR SAM 2012 B140 Or.8
មជ្ឈមណ្ឌលឯការនៃសាកលវិទ្យាល័យភូមិន្ទកសិកម្មចំការដូង

Powered by Koha